00413nam a2200181Ia 4500008004100000020001800041050001400059100001900073245002000092245001900112260001500131260001600146260000900162300001500171300002700186300001000213500000800223170918s9999 xx 000 0 und d a9780545156288 bD287 2003 aDebon, Nicolas aFour pictures / cNicolas Debon. aNew York : bScholastic, c2003 a29 pages : bcolored illustration ; c20cm. a770